000 00807nam a2200253 i 4500
001 91633
003 ES-MaACL
005 20230906180754.0
007 t|
008 050203s2004 sp ||||1| spa d
020 _a84-376-2119-4
080 _a930.85(35)
100 1 _aBottéro, Jean.
_930800
245 1 0 _aMesopotamia
_b: la escritura, la razón y los dioses /
_cJean Bottéro ; traducción de José Luis Rozas López.
250 _a1ª ed.
260 _aMadrid :
_bCátedra,
_c2004.
300 _a358 p. :
_bil., mapas ;
_c21 cm.
490 1 _aHistoria ;
_vSerie menor
650 1 4 _aCivilización asirio-babilónica.
_911091
700 1 _aRozas López, José Luis.
_9100251
830 0 _aHistoria ;
_vSerie menor
_9177536
852 _aES-MaACL
_jL-28762
_bR.135137
999 _c91633
_d91633